1185 1149 1971 1753 1826 1086 1706 1191 1620 1448 1739 1287 1480 1132 1512 1774 1946 1902 1989 1596 1330 1641 1548 1126 1716 1853 1919 1176 1694 1632 1648 1903 1328 1508 1459 1132 1787 1825 1605 1502 1525 1776 1495 1843 1261 1395 1880 1503 1101 1526 1115 1350 1430 1237 1125 1355 1094 1094 1083 1779 1412 1254 1471 1500 1768 1133 1684 1787 1657 1148 1763 1433 1635 1447 1466 1063 1399 1169 1074 1443 1696 1727 1058 1493 1536 1498 1145 1156 1459 1498 1829 1803 1879 1097 1643 1796 1116 1718 1034 BCNSPRNW ULIB Ver.6.0+V

เปลี่ยนเป็นภาษาไทย

Change to English
 แสดงรายละเอียดบรรณานุกรม
  กลับหน้าหลัก

Brief Record : Get Marc (ISO 2709) : E-mail record : QR code < ปิดหน้าต่าง
LEADER : 00000nam 2200000uu 4500
001    13399121943
003     ULIB
008    121214s2545||||th 000 0 tha d
020    ^a9789747597554
090    ^aนว.^bท459ฮ
100    ^aเจ.อาร์.อาร์.โทลคีน
245    ^aฮอบบิท/^cเจ.อาร์.อาร์.โทลคีน
260    ^aกรุงเทพฯ :^bแพรวเยาวชน,^c2545
300    ^a363 หน้า
945    ^p245^l0^i014806
995    ^aวิภา
999 ^a ทศพร
รายการนี้ยังไม่มีแท็ก
คุณยังไม่ได้ล็อกอิน คุณสามารถมีกิจกรรมร่วมกับเว็บไซต์ได้ แต่ต้องล็อกอินก่อน ::
  ล็อกอิน

รายการสื่อสารสนเทศ

ลำดับที่ ประเภท เลขเรียก/บาร์โค้ด สถานที่ สถานะ
1. นวนิยาย
นวนิยาย
นว. ท459ฮ  
  Barcode: 014806
ห้องสมุดวิทยาเขตสวรรค์ประชารักษ์
►นวนิยาย
บนชั้น
  ขอยืม

BibComment

คอมเมนท์ทรัพยากรรายการนี้
  คอมเมนท์: ฮอบบิท เจอาร์อาร..
   [แสดง 1/1 รายการ]
นางสาวนุชศรา พรมชัย
สนุกมาก  กับเรื่องราวการผจญภัยที่น่าตื่นเต้น
อ่านเวลาว่าง  ฝึกสมาธิ  เพิ่มจินตนาการ

#1 
เมื่อ 14:21 14/มิถุนายน/2556 (12 ปี 11 เดือนที่แล้ว) แจ้งลบ
   [แสดง 1/1 รายการ]
คอมเมนท์ทรัพยากรรายการนี้
  คอมเมนท์: ฮอบบิท เจอาร์อาร..

สมาชิกที่บันทึกรายการนี้ไว้ในรายการโปรด
นางสาวนุชศรา พรมชัย

 Copyright 2026. Bcnsprnw @Library